[Event "Romulus op"]
[Site "Romulus"]
[Date "2000.09.03"]
[Round "4"]
[White "Buckles, Mark"]
[Black "Gregg, Ted"]
[Result "1/2-1/2"]
[WhiteElo "1020"]
[BlackElo "1263"]
[PlyCount "73"]
[EventDate "2000.09.01"]
[EventType "swiss"]
[EventRounds "7"]
[EventCountry "USA"]
[SourceTitle "EXT 2007"]
[Source "ChessBase"]
[SourceDate "2006.11.23"]
[SourceVersion "1"]
[SourceVersionDate "2006.11.23"]
[SourceQuality "1"]

1. d4 f5 2. c4 e6 3. Nc3 Nf6 4. Nf3 d6 5. Bg5 Be7 6. g3 b6 7. Bg2 Bb7 8. 0-0 0-0 9. e3 Nbd7 10. b4 Ne4 11. Bxe7 Qxe7 12. Nxe4 Bxe4 13. Nd2 Bxg2 14. Kxg2 Nf6 15. Nf3 Ne4 16. h4 Rf6 17. Qc2 Rg6 18. Rh1 h5 19. Rac1 Rf8 20. c5 d5 21. cxb6 cxb6 22. Qc7 Qf6 23. Ne5 Rg4 24. Nxg4 fxg4 25. f4 gxf3+ 26. Kh2 f2 27. Qf4 Qxf4 28. gxf4 Nd2 29. Kg2 f1Q+ 30. Rhxf1 Nxf1 31. Kxf1 Rf7 32. Rc6 Re7 33. Ke2 Kf7 34. a4 Kg6 35. Kf3 Kf5 36. a5 bxa5 37. bxa5 1/2-1/2

[Event "Romulus op"]
[Site "Romulus"]
[Date "2000.09.03"]
[Round "3"]
[White "Buckles, Mark"]
[Black "Gross, Benjamin"]
[Result "1/2-1/2"]
[WhiteElo "1020"]
[BlackElo "1432"]
[PlyCount "81"]
[EventDate "2000.09.01"]
[EventType "swiss"]
[EventRounds "7"]
[EventCountry "USA"]
[SourceTitle "EXT 2007"]
[Source "ChessBase"]
[SourceDate "2006.11.23"]
[SourceVersion "1"]
[SourceVersionDate "2006.11.23"]
[SourceQuality "1"]

1. d4 d5 2. c4 Nc6 3. cxd5 Qxd5 4. Nf3 Bg4 5. Nc3 Qa5 6. e3 e6 7. a3 0-0-0 8. Bd2 Qh5 9. Be2 Nf6 10. h3 Bd6 11. Rc1 e5 12. d5 Ne7 13. e4 Ng6 14. b4 Rhe8 15. Be3 Nf4 16. Bxf4 exf4 17. Qd3 Be5 18. Nd2 Bxe2 19. Nxe2 g5 20. Nc4 g4 21. Kd2 f3 22. Ng3 Bxg3 23. fxg3 Nxe4+ 24. Kc2 Nf2 25. hxg4 Qxg4 26. gxf3 Nxd3 27. fxg4 Nxc1 28. Rxc1 Rxd5 29. Kb3 Rd3+ 30. Ka4 Rxg3 31. Nd6+ Kd7 32. Nxe8 Kxe8 33. Rxc7 Rxg4 34. Rxb7 h5 35. Rxa7 h4 36. Rc7 h3 37. Rc1 h2 38. Rh1 Rh4 39. Ka5 f5 40. b5 f4 41. Kb6 1/2-1/2

[Event "Romulus op"]
[Site "Romulus"]
[Date "2000.09.03"]
[Round "5"]
[White "Schey, Daniel"]
[Black "Buckles, Mark"]
[Result "1-0"]
[WhiteElo "1600"]
[BlackElo "1020"]
[PlyCount "39"]
[EventDate "2000.09.01"]
[EventType "swiss"]
[EventRounds "7"]
[EventCountry "USA"]
[SourceTitle "EXT 2007"]
[Source "ChessBase"]
[SourceDate "2006.11.23"]
[SourceVersion "1"]
[SourceVersionDate "2006.11.23"]
[SourceQuality "1"]

1. c4 c6 2. e4 e5 3. Nf3 d6 4. d4 Qc7 5. Nc3 Nf6 6. Bg5 Be7 7. h3 0-0 8. Be2 Nbd7 9. 0-0 exd4 10. Qxd4 Ne5 11. Nd2 Be6 12. Bf4 Nfd7 13. Rfc1 Bf6 14. Qe3 Rae8 15. Qg3 Nc5 16. b4 Ncd7 17. Rab1 Nb8 18. Nd5 Bxd5 19. cxd5 cxd5 20. Rxc7 1-0